000 00823nam a2200289Ia 4500
003 OSt
005 20221005055026.0
006 a|||||r|||| 00| 0
007 ta
008 221004b |||||||| |||| 00| 0 eng d
020 _a0 333 26121 6
024 _a42769
037 _cTextual
040 _aCRL
_cCRL
_beng
041 _2eng
_aeng
082 _aO111,1:g(Y:438), M1
100 _aHibberd Dominic Ed.
110 _aGift from Prof Amitava Banerjee, London
245 0 _aPoetry of the first world war
260 _aLondon
_bMacmillan UK
_c1981
300 _a247p.
_ccm.
490 _aCasebook Series
650 _aENGLISH LITERATURE
700 _aGift from Prof Amitava Banerjee, London
942 _hO111,1:g(Y:438), M1
_cTEXL
_2cc
999 _c964415
_d964415